Building a Cisco wireless LAN / (Record no. 701)
[ view plain ]
| 000 -LEADER | |
|---|---|
| fixed length control field | 00780nac a22001931u 4500 |
| 020 ## - INTERNATIONAL STANDARD BOOK NUMBER | |
| International Standard Book Number | 192899458X (pbk.) |
| 082 ## - DEWEY DECIMAL CLASSIFICATION NUMBER | |
| Classification number | 004.68 |
| Item number | O932 |
| 090 ## - LOCALLY ASSIGNED LC-TYPE CALL NUMBER (OCLC); LOCAL CALL NUMBER (OCLC) | |
| -- | 701 |
| -- | 701 |
| 100 ## - MAIN ENTRY--PERSONAL NAME | |
| Personal name | Ouellet, Eric. |
| 245 ## - TITLE STATEMENT | |
| Title | Building a Cisco wireless LAN / |
| Statement of responsibility, etc | Eric Ouellet, Robert Padjen, Arthur Pfund ; Ron Fuller, technical editor ; Tim Blankenship, technical editor. |
| 260 ## - PUBLICATION, DISTRIBUTION, ETC. (IMPRINT) | |
| Place of publication, distribution, etc | London : |
| Name of publisher, distributor, etc | International Thomson, |
| Date of publication, distribution, etc | c2002. |
| 300 ## - PHYSICAL DESCRIPTION | |
| Extent | xxvi, 501 p. ; |
| Dimensions | 24 cm. |
| 500 ## - GENERAL NOTE | |
| General note | a Includes index. |
| -- | |
| 650 ## - SUBJECT ADDED ENTRY--TOPICAL TERM | |
| Topical term or geographic name as entry element | Local area networks (Computer networks) |
| 700 ## - ADDED ENTRY--PERSONAL NAME | |
| Personal name | Padjen, Robert. |
| 700 ## - ADDED ENTRY--PERSONAL NAME | |
| Personal name | Pfund, Arthur. |
| 942 ## - ADDED ENTRY ELEMENTS (KOHA) | |
| Item type | Book - Borrowing |
| Call number prefix | 004.68O932 |
| Withdrawn status | Item status | Source of classification or shelving scheme | Damaged status | Not for loan | Vendor | Home library | Current library | Shelving location | Date acquired | Source of acquisition | Cost, normal purchase price | Total Checkouts | Full call number | Barcode | Date last seen | Date last borrowed | Cost, replacement price | Koha item type |
|---|---|---|---|---|---|---|---|---|---|---|---|---|---|---|---|---|---|---|
| Dewey Decimal Classification | Central Library | Central Library | Lower Floor | 25/07/2006 | 250.00 | 2 | 004.68 OUE | 000003902 | 15/07/2025 | 14/09/2014 | 312.50 | Book - Borrowing |